SO YOU WANT TO BUILD A HOUSE / (Record no. 587916)
[ view plain ]
| 000 -LEADER | |
|---|---|
| fixed length control field | 00328nam a22001337a 4500 |
| 020 ## - INTERNATIONAL STANDARD BOOK NUMBER | |
| Qualifying information | PB. |
| 040 ## - CATALOGING SOURCE | |
| Transcribing agency | FIZZA ISHAQ |
| 082 ## - DEWEY DECIMAL CLASSIFICATION NUMBER | |
| Classification number | 690.837 |
| Author Mark | GOR |
| 100 ## - MAIN ENTRY--PERSONAL NAME | |
| Personal name | NULL,WILLIAM GORE. |
| 9 (RLIN) | 89076 |
| 245 ## - TITLE STATEMENT | |
| Title | SO YOU WANT TO BUILD A HOUSE / |
| Statement of responsibility, etc. | GORE WILLIAM NULL. |
| 260 ## - PUBLICATION, DISTRIBUTION, ETC. | |
| Place of publication, distribution, etc. | MC GRAW HILL |
| Date of publication, distribution, etc. | 2006 |
| 300 ## - PHYSICAL DESCRIPTION | |
| Extent | 108 P. ; |
| 942 ## - ADDED ENTRY ELEMENTS (KOHA) | |
| Source of classification or shelving scheme | |
| Koha item type | Book |
| Withdrawn status | Lost status | Source of classification or shelving scheme | Damaged status | Not for loan | Permanent Location | Current Location | Date acquired | Total Checkouts | Full call number | Barcode | Date last seen | Price effective from | Koha item type |
|---|---|---|---|---|---|---|---|---|---|---|---|---|---|
| NUST Baluchistan Campus (NBC) | NUST Baluchistan Campus (NBC) | 02/16/2022 | 690.837 GOR | Q-2407 | 02/16/2022 | 02/16/2022 | Book |
